Quick Pick: The Office Character Hunt Quiz Stats

 Plays Quiz Updated Apr 30, 2019

Score 0/15 Timer 01:00
4 Plays Today
% Correct
Andy Bernard
93.9%
Dwight Schrute
92.7%
Michael Scott
90.1%
Jim Halpert
89.6%
Pam Beesly
88.9%
Angela Martin
88.4%
Kelly Kapoor
84.9%
Meredith Palmer
83.9%
% Correct
Oscar Martinez
83.8%
Kevin Malone
83%
Creed Bratton
82.5%
Stanley Hudson
75.8%
Phyllis Lapin
75.5%
Ryan Howard
71.3%
Toby Flenderson
68.4%

Today's Daily Dose

You're not logged in!

Compare scores with friends on all Sporcle quizzes.
OR
Log In

Show Comments

Extras

Top Quizzes Today


Score Distribution

Your Account Isn't Verified!

In order to create a playlist on Sporcle, you need to verify the email address you used during registration. Go to your Sporcle Settings to finish the process.

Report this User

Report this user for behavior that violates our Community Guidelines.

Details: